00480nam a2200145Ia 4500008004100000020001800041082001600059100002500075245005000100260001300150500001600163942000700179952013300186999001500319260604s9999 xx 000 0 und d a9789819987061 a330.502A SA aSachiyo asahi935714 0aEconometric Analysis of Regional Economy 2024 bSpringer aEconometric cBK 00104070aIIMVbIIMVcLOCKERd2026-06-04g13577.46l0o330.502A SAp004156r2026-06-04 10:20:40v13577.46w2026-06-04yBKBASA c8538d8538